駅利用者数ランキングTOP30(静岡県) - Statistics

General Stats
  • This quiz has been taken 372 times
  • The average score is 23 of 30
Answer Stats
駅名 利用者数 % Correct
1 静岡 107931
100%
3 浜松 67370
100%
2 三島 68316
98%
5 熱海 31400
98%
7 掛川 22539
97%
13 富士 14183
97%
4 沼津 37007
96%
12 清水 16198
91%
15 焼津 13570
89%
16 磐田 9732
86%
18 島田 8720
86%
14 東静岡 13806
85%
10 藤枝 17630
83%
8 新静岡 19362
80%
21 袋井 7738
77%
25 菊川 6772
77%
6 草薙 26181
76%
9 伊東 18252
76%
19 新富士 8292
70%
26 新清水 6429
69%
23 御殿場 7496
68%
17 西焼津 9394
66%
20 安倍川 8100
66%
11 新浜松 16535
64%
22 吉原 7692
61%
30 天竜川 4784
59%
24 新所原 6972
53%
29 六合 4834
45%
28 鷲津 5276
43%
27 狐ヶ崎 5473
12%
No matching quizzes found
Score Distribution
Percent of People with Each Score
Percentile by Number Answered
Your Score History
You have not taken this quiz